[Event "Titled Tuesday intern op 13th July"]
[Site "Chess.com INT"]
[Date "2021.07.13"]
[Round "6"]
[White "Garcia, Gabriel Gonzaga"]
[Black "Nguyen, Quoc Hy"]
[Result "0-1"]
[WhiteElo "2104"]
[BlackElo "2242"]
[PlyCount "86"]
[EventDate "2021.07.13"]
[EventType "swiss (blitz)"]
[EventRounds "11"]
[EventCountry "USA"]
[SourceTitle "CBM 203 Extra"]
[Source "ChessBase"]
[SourceDate "2021.09.30"]
[SourceVersion "1"]
[SourceVersionDate "2021.09.30"]
[SourceQuality "1"]

1. e4 c5 2. Nf3 a6 3. Nc3 b5 4. d4 cxd4 5. Nxd4 Bb7 6. Bd3 g6 7. 0-0 Bg7 8. Be3 d6 9. Re1 Nd7 10. f3 Ngf6 11. Bf2 0-0 12. a4 b4 13. Nce2 Nc5 14. Bc4 Rc8 15. Ba2 Qd7 16. a5 e5 17. Nb3 Na4 18. Rb1 d5 19. exd5 Nxd5 20. Nd2 Rfd8 21. Bb3 Nc5 22. Bxc5 Rxc5 23. Nc4 Qc7 24. Nd2 Ne3 25. Qc1 Nxc2 26. Ne4 Bxe4 27. fxe4 Nxe1 28. Qxe1 Qxa5 29. Ra1 Qb6 30. Kh1 Rc7 31. h4 h5 32. Qg3 a5 33. Ng1 Rd4 34. Nf3 Rxe4 35. Rd1 Re7 36. Ng5 Rg4 37. Qh3 Bf6 38. Nxf7 Rxf7 39. Rd7 Rxh4 40. Qxh4 Bxh4 41. Rxf7 Kh8 42. Rf8+ Kg7 43. Rf7+ Kh6 0-1

[Event "Titled Tuesday intern op 13th July"]
[Site "Chess.com INT"]
[Date "2021.07.13"]
[Round "9"]
[White "Garcia, Gabriel Gonzaga"]
[Black "Taras, Iulian Ioan"]
[Result "1-0"]
[WhiteElo "2104"]
[BlackElo "2224"]
[PlyCount "53"]
[EventDate "2021.07.13"]
[EventType "swiss (blitz)"]
[EventRounds "11"]
[EventCountry "USA"]
[SourceTitle "CBM 203 Extra"]
[Source "ChessBase"]
[SourceDate "2021.09.30"]
[SourceVersion "1"]
[SourceVersionDate "2021.09.30"]
[SourceQuality "1"]

1. e4 c5 2. Nf3 b6 3. d4 cxd4 4. Nxd4 Bb7 5. Nc3 a6 6. g3 e6 7. Bg2 Nf6 8. 0-0 Bc5 9. e5 Bxg2 10. Kxg2 Nd5 11. Nxd5 exd5 12. Nf5 0-0 13. Bh6 g6 14. Qxd5 Nc6 15. Bxf8 Qxf8 16. Nd6 Kg7 17. f4 Bxd6 18. Qxd6 Qxd6 19. exd6 Re8 20. Rfe1 Rxe1 21. Rxe1 Kf6 22. Re8 a5 23. c3 h5 24. Kf3 a4 25. Ke4 h4 26. gxh4 b5 27. a3 1-0